000 00296nam a22000977a 4500
040 _cHS
100 _aឌុក ឆេង , ហែម ផារ៉ាត
245 _aសត្តវិទ្យា ( Zoology)
260 _aRUA
_bឌុក ឆេង,​ ហែម ផារ៉ាត
_c2012
942 _cKB
999 _c8425
_d8425